000 00344nam a22001457a 4500
003 OSt
005 20160727222353.0
008 160622b xxu||||| |||| 00| 0 eng d
040 _cTEST
100 _9459
_aTerris, S
245 _aThe Pencil families
260 _aN.Y
_b&Green willow books
_c1975
300 _aThe Pencil families
942 _2ddc
_cBK
999 _c377
_d377